000 00354nam a2200133Ia 4500
008 240624s9999 xx 000 0 und d
041 _aeng
082 _a658.421 PAP
100 _aPAPOLA T S
245 _aENTERPRISE DEVELOPMENT IN MOUNTAIN AREAS
260 _c2004
_aMumbai
_bHimalaya Books Pvt. Ltd.
300 _a168 : p. : cm. ; 22
365 _cRS
_b25
999 _c14849
_d14849